| 000 -ლიდერი |
| ფიქსირებული სიგრძის საკონტროლო ველი |
01161nam a2200241Ia 4500 |
| 001 - საკონტროლო ნომერი |
| საკონტროლო ველი |
4072 |
| 003 - საკონტროლო ნომრის იდენტიფიკატორი |
| საკონტროლო ველი |
GE_BSU |
| 005 - ბოლო ოპერაციის თარიღი და დრო |
| საკონტროლო ველი |
20191002122345.0 |
| 008 - ფიქსირებული სიგრძის მონაცემთა ელემენტები - ზოგადი ინფორმაცია |
| ფიქსირებული სიგრძის საკონტროლო ველი |
181216s||||||||xx |||||||||||||| ||und|| |
| 040 ## - კატალოგიზაციის წყარო |
| Transcribing agency |
GE_BSU |
| 041 ## - ენის კოდი |
| Language code of text/sound track or separate title |
geo |
| 080 ## - უნივერსალური ათობითი კლასიფიკაციის ინდექსი |
| Universal Decimal Classification number |
316.653+342.5+352/354 ს–31 |
| 100 ## - მთავარი ჩანაწერი - პიროვნების სახელი |
| Personal name |
საფაროვი, რ. ა. |
| 9 (RLIN) |
4440 |
| 245 ## - ცნობა სათაურის შესახებ |
| Title |
საზოგადოებრივი აზრი და სახელმწიფოს მართვა / |
| Statement of responsibility, etc |
თარგმნა გ. მაჭავარიანმა და ო. კაპანაძემ; რედ. ლ. მოსეშვილი. |
| 264 ## - წარმოების, გამოცემის, დისტრიბუციის და სხვა ცნობები |
| გამოცემის, წარმოების, დისტრიბუციის... ადგილი |
თბ. : |
| გამოცემის, წარმოების, დისტრიბუციის... სახელწოდება |
საბჭ. საქართველო, |
| გამოცემის, წარმოების, დისტრიბუციის... თარიღი |
1981. |
| 300 ## - ფიზიკური აღწერა |
| Extent |
462 გვ. ; |
| Other physical details |
21 სმ. |
| 653 ## - INDEX TERM--UNCONTROLLED |
| Uncontrolled term |
საზოგადოებრივი აზრი |
| 653 ## - INDEX TERM--UNCONTROLLED |
| Uncontrolled term |
სახელმწიფოს მართვა |
| 700 ## - ADDED ENTRY--PERSONAL NAME |
| Personal name |
მაჭავარიანი, გ. |
| Relator term |
მთარგმნელი |
| 9 (RLIN) |
4441 |
| 700 ## - ADDED ENTRY--PERSONAL NAME |
| Personal name |
კაპანაძე, ო. |
| Relator term |
მთარგმნელი |
| 9 (RLIN) |
4442 |
| 700 ## - ADDED ENTRY--PERSONAL NAME |
| Personal name |
მოსეშვილი, ლ. |
| Relator term |
რედაქტორი |
| 9 (RLIN) |
4443 |
| 942 ## - ADDED ENTRY ELEMENTS (KOHA) |
| Koha item type |
წიგნი |
| Source of classification or shelving scheme |
|